Practical graph mining with R (Record no. 19099)
[ view plain ]
| 000 -LEADER | |
|---|---|
| fixed length control field | 00810nam a2200265 a 4500 |
| 001 - CONTROL NUMBER | |
| control field | 156708 |
| 003 - CONTROL NUMBER IDENTIFIER | |
| control field | OSt |
| 005 - DATE AND TIME OF LATEST TRANSACTION | |
| control field | 20211007165408.0 |
| 008 - FIXED-LENGTH DATA ELEMENTS--GENERAL INFORMATION | |
| fixed length control field | 190214 ### HIN |
| 020 ## - INTERNATIONAL STANDARD BOOK NUMBER | |
| International Standard Book Number | 9781439860847 |
| 082 ## - DEWEY DECIMAL CLASSIFICATION NUMBER | |
| Classification number | 006.312 |
| Item number | P88P |
| 245 ## - TITLE STATEMENT | |
| Title | Practical graph mining with R |
| Statement of responsibility, etc | edited by Nagiza F. Samatova...[et al.] |
| 260 ## - PUBLICATION, DISTRIBUTION, ETC. (IMPRINT) | |
| Place of publication, distribution, etc | Boca Raton |
| Name of publisher, distributor, etc | CRC Press |
| Date of publication, distribution, etc | 2014 |
| 300 ## - PHYSICAL DESCRIPTION | |
| Extent | xxi, 473p. |
| 490 ## - SERIES STATEMENT | |
| Series statement | Chapman & Hall/CRC data mining and knowledge discovery series |
| 653 ## - INDEX TERM--UNCONTROLLED | |
| Uncontrolled term | R (Computer program language) |
| 653 ## - INDEX TERM--UNCONTROLLED | |
| Uncontrolled term | Data mining |
| 653 ## - INDEX TERM--UNCONTROLLED | |
| Uncontrolled term | Graphic methods |
| 700 ## - ADDED ENTRY--PERSONAL NAME | |
| Personal name | Samatova, Nagiza F. |
| Relator term | Editor |
| 700 ## - ADDED ENTRY--PERSONAL NAME | |
| Personal name | Hendrix, William |
| Relator term | Editor |
| 700 ## - ADDED ENTRY--PERSONAL NAME | |
| Personal name | Jenkins, John |
| Relator term | Editor |
| 700 ## - ADDED ENTRY--PERSONAL NAME | |
| Personal name | Padmanabhan, Kanchana |
| Relator term | Editor |
| 700 ## - ADDED ENTRY--PERSONAL NAME | |
| Personal name | Chakraborty, Arpan |
| Relator term | Editor |
| 942 ## - ADDED ENTRY ELEMENTS (KOHA) | |
| Source of classification or shelving scheme | Dewey Decimal Classification |
| Koha item type | Books |
| Withdrawn status | Lost status | Source of classification or shelving scheme | Damaged status | Not for loan | Collection code | Home library | Current library | Date acquired | Source of acquisition | Full call number | Barcode | Date last seen | Price effective from | Koha item type |
|---|---|---|---|---|---|---|---|---|---|---|---|---|---|---|
| Dewey Decimal Classification | General Text Book | Central University Of Rajasthan | Central University Of Rajasthan | 14/02/2019 | DSA | 006.312 P88P | 31662 | 02/09/2020 | 02/09/2020 | Books |
